000 01429cab a2200361 4500
001 ABS52541
008 090401t1995 xxu||||| |||| 00| 0 eng d
035 _a(Sirsi) u83918
041 _aeng
100 _aWilliams, D.
245 _aRent review: 1994 update
260 _c1995
350 _a0
490 _aEstates Gazette
_v(9511) 18 March 1995, 128-131; (9512) 25 March 199
520 _aAssesses the changes to rent review law brought about by litigation in 1994. Highlights key cases.
650 _aAMEGO LITHO LTD V SCANWAY LTD
650 _aBICKENHALL ENGINEERING CO LTD V GRANDMET RESTAURANTS
650 _aBRITISH RAILWAYS BOARD V MOBIL OIL CO LTD
650 _aCHELSEA BUILDING SOCIETY V R & A MILLETT (SHOPS) LTD
650 _aCO-OPERATIVE WHOLESALE SOCIETY LTD V NATWEST BANK PLC
650 _aCOMMERCIAL UNION LIFE ASSURANCE CO LTD V WOOLWORTHS
650 _aCOMPASS LTD V MASTER AND WARDENS OF THE GUILD OF FRATERNITY
650 _aGUILDFORD BC V COBB
650 _aHISTORIC HOUSES HOTELS LTD V CADOGAN ESTATES
650 _aLONDON & LEEDS ESTATES LTD V PARIBAS LTD (NO 2)
650 _aSOS ENVIRONMENT V EUSTON CENTRE INVESTMENTS LTD (NO 2)
650 _aSOS ENVIRONMENT V EUSTON CENTRE INVESTMENTS LTD
650 _aWORCESTER CC V A S CLARKE (WORCESTER) LTD
650 _aZUBAIDA V HARGREAVES
690 _aLANDLORD AND TENANT-RENT REVIEWS
942 _n0
948 _c04/03/1997
999 _c52843
_d52843